000 00484nam a2200181Ia 4500
005 20250326142701.0
008 250326s9999 xx 000 0 und d
037 _aTextbook
040 _aFMSL
_beng
_cFMSL
041 _aeng
_2eng
084 _qFMSL
100 _aVardaman G T
245 0 _aManagerial control through communication
_cVardaman G T; Halerman C C
260 _aJohan
_bJohan, Willey & Sons
_c1968
300 _a508p
942 _cTB
999 _c1296167
_d1296167